Catálogo

Per un popolo nuovo : (Registro nro. 20578)

Detalles MARC
000 -LEADER
fixed length control field 00916cam a2200265 i 4500
001 - CONTROL NUMBER
control field 20578
003 - CONTROL NUMBER IDENTIFIER
control field Mx-PuUPA
005 - DATE AND TIME OF LATEST TRANSACTION
control field 20230413123658.0
008 - FIXED-LENGTH DATA ELEMENTS--GENERAL INFORMATION
fixed length control field 140415s1987 it a gr 000 0 it d
040 ## - CATALOGING SOURCE
Transcribing agency Mx-PuUPA
Original cataloging agency Mx-PuUPA
Description conventions rda
Modifying agency Mx-PuUPA
Language of cataloging spa
041 0# - LANGUAGE CODE
Language code of text/sound track or separate title ita
100 1# - MAIN ENTRY--PERSONAL NAME
Personal name Caruso, Antonio,
Relator term autor
9 (RLIN) 14039
245 10 - TITLE STATEMENT
Title Per un popolo nuovo :
Remainder of title messaggio mariano dal Messico per gli uomini d'oggi /
Statement of responsibility, etc. Antonio Caruso
264 #1 - PRODUCTION, PUBLICATION, DISTRIBUTION, MANUFACTURE, AND COPYRIGHT NOTICE
Place of production, publication, distribution, manufacture Roma :
Name of producer, publisher, distributor, manufacturer Effelle Editrice,
Date of production, publication, distribution, manufacture, or copyright notice ©1987
300 ## - PHYSICAL DESCRIPTION
Extent 183 páginas, 3 hojas de láminas sin numerar :
Other physical details ilustraciones (a color) ;
Dimensions 21 cm
336 ## - CONTENT TYPE
Fuente rdacontent
Content type term texto
Content type code txt
337 ## - MEDIA TYPE
Source rdamedia
Media type term sin medio
Media type code n
338 ## - CARRIER TYPE
Source rdacarrier
Carrier type term volumen
Carrier type code nc
600 04 - SUBJECT ADDED ENTRY--PERSONAL NAME
Personal name Virgen María
651 #4 - SUBJECT ADDED ENTRY--GEOGRAPHIC NAME
Geographic name México
General subdivision Iglesia católica
651 #4 - SUBJECT ADDED ENTRY--GEOGRAPHIC NAME
Geographic name México
General subdivision Religión azteca
942 ## - ADDED ENTRY ELEMENTS (KOHA)
Source of classification or shelving scheme Dewey Decimal Classification
Koha item type Libro
Item part C294
Classification part 232.9170972
Existencias
Withdrawn status Lost status Source of classification or shelving scheme Damaged status Not for loan Collection code Home library Current library Shelving location Date acquired Total Checkouts Full call number Barcode Date last seen Price effective from Koha item type Copy number
    Dewey Decimal Classification     General Centro de Estudios Guadalupanos Centro de Estudios Guadalupanos Sala general 30/03/2023   232.9170972 C294 1987 93263 05/01/2026 30/03/2023 Libro  
    Dewey Decimal Classification     General Centro de Estudios Guadalupanos Centro de Estudios Guadalupanos Sala general 30/03/2023   232.9170972 C294 1987 93264 05/01/2026 30/03/2023 Libro Ej.2